Statistics for The Last QB to make a Superbowl for every team

Click here to take the quiz!

General Stats

  • This quiz has been taken 55 times
  • The average score is 27 of 32

Answer Stats

TeamQB% Correct
JAXN/A
100%
CLEN/A
100%
DETN/A
100%
HOUN/A
100%
NYGEli Manning
98%
DENPeyton Manning
98%
INDPeyton Manning
98%
TBBTom Brady
98%
NEPTom Brady
98%
GBPAaron Rodgers
96%
PITBen Roethlisberger
96%
NOSDrew Brees
96%
BALJoe Flacco
96%
ATLMatt Ryan
96%
SEARussell Wilson
96%
KANPatrick Mahomes
94%
MIADan Marino
92%
LARMatthew Stafford
92%
PHINick Foles
92%
CARCam Newton
90%
CINJoe Burrow
90%
SFFJimmy Garoppolo
88%
DALTroy Aikman
88%
BUFJim Kelly
84%
ARIKurt Warner
82%
NYJJoe Namath
76%
MINFran Tarkenton
64%
TENSteve McNair
62%
LVRRich Gannon
52%
WASMark Rypien
46%
CHIRex Grossman
46%
LACStan Humphries
28%

Score Distribution

Percentile by Number Answered

Percent of People with Each Score

Your Score History

You have not taken this quiz